Official Languages of Countries #13 - Statistics

General Stats
  • This quiz has been taken 23 times
  • The average score is 5 of 18
Answer Stats
Country Language % Correct
Estonia Estonian
100%
Panama Spanish
100%
Nigeria English
95%
Tuvalu English
95%
Tuvalu Tuvaluan
55%
Mali Fula
32%
Mali Bambara
18%
Mali Bobo
5%
Mali Bozo
5%
Mali Dogon
5%
Mali Hassaniya
5%
Mali Kassonke
5%
Mali Maninke
5%
Mali Minyanka
5%
Mali Senufo
5%
Mali Songhay Languages
5%
Mali Soninke
5%
Mali Tamasheq
5%
No matching quizzes found
Score Distribution
Percent of People with Each Score
Percentile by Number Answered
Your Score History
You have not taken this quiz